Library of the University of Algiers 3
Ibrahim Sultan Cheibout
شعار جامعة الجزائر 3
مكتبة جامعة الجزائر 3
إبراهيم سلطان شيبوط

إحتراف إدارة قواعد البيانات باستخدام Microsoft SQL server 2000 / (رقم التسجيلة. 45542)

تفاصيل مارك
000 -LEADER
fixed length control field 01268nam a2200241Ia 4500
003 - CONTROL NUMBER IDENTIFIER
control field Ost
005 - DATE AND TIME OF LATEST TRANSACTION
control field 20260507075649.0
008 - FIXED-LENGTH DATA ELEMENTS--GENERAL INFORMATION
fixed length control field 260507s9999||||xx |||||||||||||| ||und||
020 ## - INTERNATIONAL STANDARD BOOK NUMBER
International Standard Book Number 3425287977
040 ## - CATALOGING SOURCE
Transcribing agency fsecg
041 ## - LANGUAGE CODE
Language code of text/sound track or separate title ara
082 ## - DEWEY DECIMAL CLASSIFICATION NUMBER
Classification number 5.758
100 ## - MAIN ENTRY--PERSONAL NAME
Personal name عناني، عمرو
Relator term مؤلف
245 #0 - TITLE STATEMENT
Title إحتراف إدارة قواعد البيانات باستخدام Microsoft SQL server 2000 /
Statement of responsibility, etc. عمرو عناني
260 ## - PUBLICATION, DISTRIBUTION, ETC.
Place of publication, distribution, etc. القاهرة:
Name of publisher, distributor, etc. دار الكتب العلمية للنشر والتوزيع,
Date of publication, distribution, etc. 2004
300 ## - PHYSICAL DESCRIPTION
Extent 403 صفحة؛
Other physical details إيضاحات ؛
Dimensions 24 سم
520 ## - SUMMARY, ETC.
Summary, etc. نظرة عامة على خادم SQL server 2000 - تجهيز استخدام خادم SQL server 2000 - فهم قواعد البيانات الخاصة بالنظام والمستخدم- تكوين وتهيئة قواعد البيانات المستخدمين- تكوين وتهيئة قواعد البيانات- نشر قاعدة البيانات- تطوير استراتيجية استرجاع البيانات- النسخ الإحتياطي والإسترجاع في خادم SQL.
653 ## - INDEX TERM--UNCONTROLLED
Uncontrolled term الإعلام الألي
653 ## - INDEX TERM--UNCONTROLLED
Uncontrolled term البرمجيات
653 ## - INDEX TERM--UNCONTROLLED
Uncontrolled term الحاسوب
653 ## - INDEX TERM--UNCONTROLLED
Uncontrolled term Microsoft SQL server 2000
942 ## - ADDED ENTRY ELEMENTS (KOHA)
Koha item type كتب
المقتنيات
Withdrawn status Lost status Source of classification or shelving scheme Damaged status Not for loan Home library Current library Date acquired Serial enumeration / chronology Inventory number Total checkouts Full call number Barcode Date last seen Price effective from Koha item type
    Library of Congress Classification   NOT LOAN / إعارة داخلية مكتبة كلية العلوم الإقتصادية والعلوم التجارية وعلوم التسيير مكتبة كلية العلوم الإقتصادية والعلوم التجارية وعلوم التسيير 07/05/2026 الطابق الأرضي 1/1676   أ/1676ن1 1/1676 07/05/2026 07/05/2026 كتب

موارد الويب المفتوحة


© University of Algiers 3 All Rights Reserved
|
Implemented by LECHELAH Riad